Cableado de redes para voz, video y datos : planificación, diseño y construcción (Registro nro. 7804)
[ vista simple ]
| 000 -CABECERA | |
|---|---|
| campo de control de longitud fija | 00959nam a22003017a 4500 |
| 005 - FECHA Y HORA DE ACTUALIZACIÓN | |
| campo de control | 20230613153256.0 |
| 008 - LONGITUD FIJA | |
| campo de control de longitud fija | 160308b2009 xxu||||| |||| 00| 0 spa d |
| 020 ## - INTERNATIONAL STANDARD BOOK NUMBER | |
| Número Internacional Estándar del Libro | 9789871486182 |
| 041 ## - IDIOMA | |
| Código de idioma del texto/pista de sonido o título separado | Español |
| 082 ## - CLASIFICACIÓN DECIMAL DEWEY | |
| Número de clasificación | 004.67 H417ca3 |
| 100 ## - AUTOR PERSONAL | |
| Nombre de persona | Hayes, Jim |
| 100 ## - AUTOR PERSONAL | |
| Nombre de persona | Rosenberg, Raúl |
| 245 ## - TÍTULO PROPIAMENTE DICHO | |
| Título | Cableado de redes para voz, video y datos : planificación, diseño y construcción |
| 250 ## - EDICIÓN | |
| Mención de edición | 3 edición |
| 260 ## - PIE DE IMPRENTA | |
| Lugar de publicación, distribución, etc. | Argentina |
| Nombre del editor, distribuidor, etc. | Cengage Learning |
| Fecha de publicación, distribución, etc. | 2009 |
| 300 ## - DESCRIPCIÓN FÍSICA | |
| Extensión | 324 páginas |
| 650 ## - Materia General | |
| Materia general | REDES DE COMPUTADORES |
| 650 ## - Materia General | |
| Materia general | CABLEADO DE RED |
| 650 ## - Materia General | |
| Materia general | TELECOMUNICACIONES |
| 650 ## - Materia General | |
| Materia general | TECNOLOGÍA |
| 650 ## - Materia General | |
| Materia general | INSTALACIONES DEL CABLEADO |
| 650 ## - Materia General | |
| Materia general | CABLEADO ESTRUCTURADO |
| 650 ## - Materia General | |
| Materia general | INSTALACIONES DE SISTEMAS DE VIDEO |
| 650 ## - Materia General | |
| Materia general | REDES INALÁMBRICAS |
| 650 ## - Materia General | |
| Materia general | FIBRA ÓPTICA |
| 650 ## - Materia General | |
| Materia general | NEGOCIO DEL CABLEADO |
| 942 ## - Punto de Acceso Adicional Koha | |
| Tipo de ítem Koha | Libro |
| Estado perdido | Estado dañado | No para préstamo | Biblioteca permanente | Biblioteca actual | Signatura completa | Código de barras | Precio efectivo a partir del | Tipo de ítem |
|---|---|---|---|---|---|---|---|---|
| Departamento de Biblioteca y Documentación Alfonso Chase Brenes | Departamento de Biblioteca y Documentación Alfonso Chase Brenes | 004.67 H417ca3 | 20700 | 08/03/2016 | Libro | |||
| Departamento de Biblioteca y Documentación Alfonso Chase Brenes | Departamento de Biblioteca y Documentación Alfonso Chase Brenes | 004.67 H417ca3 | 20701 | 08/03/2016 | Libro |